000 00539nam a2200193Ia 4500
003 GCL
008 140319s9999 xx 000 0 ara d
040 _aGCL /
_cGCL
082 0 4 _a155.4
_bم س
100 1 _aميلر، موزاتا
245 1 0 _aسيكولوجية اللعب عند الانسان /
_cميلر، موزاتا
700 1 _aحسن عيسى (مترجم)
300 _a277 ص
490 _a
650 0 4 _aالاطفال
650 0 4 _aعلم النفس
650 0 4 _aسيكولوجية اللعب
942 _2ddc
_cBK
999 _c39789
_d39789